000 00306nam a22001337a 4500
008 170602b xxu||||| |||| 00| 0 eng d
020 _a0558295959
041 _aeng
080 _a94(100)
100 _a17
101 _aSHH
245 _aMERIDIANS SOURCES IN WORLD HISTORY
_cBARTLEY,K.A
942 _2udc
_cBK
999 _c15586
_d15586